000 00441nam a2200181Ia 4500
001 4700
005 20260306145815.0
008 260306t2010||||xx |||||||||||||| ||spa||
041 _aESP
082 _a330.01
_bB12 2010
100 _aBaca Urbina, Gabriel
_eAUT
245 0 _aFundamentos de ingeniería económica
260 _c2010
300 _ax, 511 páginas :
_c27 cm.
650 _aGEN
654 _aCAN
942 _cLIB
_dJUS
_fJUS
_2ddc
_n
999 _c4700
_d4700